[Event "Rostov Region-ch op"]
[Site "Rostov on Don"]
[Date "2011.10.20"]
[Round "1.10"]
[White "Bashkirov, Mikhail"]
[Black "Konovalov, Valerij"]
[Result "0-1"]
[WhiteElo "1966"]
[BlackElo "2304"]
[PlyCount "50"]
[EventDate "2011.10.20"]
[EventType "swiss"]
[EventRounds "9"]
[EventCountry "RUS"]
[SourceTitle "EXT 2022"]
[Source "ChessBase"]
[SourceDate "2021.10.06"]
[SourceVersion "1"]
[SourceVersionDate "2021.10.06"]
[SourceQuality "1"]

1. d4 Nf6 2. c4 c5 3. e3 g6 4. Nc3 Bg7 5. Be2 0-0 6. Nf3 cxd4 7. exd4 d5 8. cxd5 Na6 9. 0-0 Nb4 10. a3 Nbxd5 11. h3 Be6 12. Ne5 Rc8 13. Bd2 Qb6 14. Nxd5 Nxd5 15. Bc1 Rfd8 16. Qa4 Nf6 17. Bf4 Rxd4 18. Qb5 Qxb5 19. Bxb5 Rxf4 20. Nd3 Rf5 21. Ba4 b5 22. Bd1 Bc4 23. Rc1 Rd8 24. g4 Rfd5 25. Nb4 Rd2 0-1

[Event "Rostov Region-ch op"]
[Site "Rostov on Don"]
[Date "2011.10.20"]
[Round "5.5"]
[White "Duyun, Dmitriy"]
[Black "Konovalov, Valerij"]
[Result "1/2-1/2"]
[WhiteElo "2226"]
[BlackElo "2304"]
[PlyCount "82"]
[EventDate "2011.10.20"]
[EventType "swiss"]
[EventRounds "9"]
[EventCountry "RUS"]
[SourceTitle "EXT 2022"]
[Source "ChessBase"]
[SourceDate "2021.10.06"]
[SourceVersion "1"]
[SourceVersionDate "2021.10.06"]
[SourceQuality "1"]

1. c4 e5 2. Nc3 Nc6 3. g3 Bc5 4. Bg2 a6 5. e3 Nge7 6. Nge2 0-0 7. a3 d6 8. b4 Ba7 9. 0-0 Be6 10. Nd5 Qd7 11. d4 Rae8 12. Bb2 Bg4 13. Nxe7+ Qxe7 14. d5 Nd4 15. exd4 exd4 16. f3 Qe3+ 17. Kh1 Qxe2 18. Bxd4 Bxd4 19. Qxd4 Bh5 20. c5 Re3 21. g4 Bg6 22. cxd6 cxd6 23. Qb6 Rc8 24. Qxd6 h5 25. gxh5 Bxh5 26. Qg3 Qb2 27. Rab1 Qa2 28. Rbd1 Bg6 29. d6 Qe6 30. d7 Rd8 31. Bh3 Qe7 32. Rfe1 Bh5 33. Rxe3 Qxe3 34. Bg2 Rxd7 35. Re1 Qc3 36. f4 Qxg3 37. hxg3 f5 38. Re3 Kf7 39. Kg1 Kf6 40. Kf2 Rd2+ 41. Kg1 Rd7 1/2-1/2

[Event "Rostov Region-ch op"]
[Site "Rostov on Don"]
[Date "2011.10.20"]
[Round "6.6"]
[White "Konovalov, Valerij"]
[Black "Travkina, Anastasia"]
[Result "1-0"]
[WhiteElo "2304"]
[BlackElo "2169"]
[PlyCount "97"]
[EventDate "2011.10.20"]
[EventType "swiss"]
[EventRounds "9"]
[EventCountry "RUS"]
[SourceTitle "EXT 2022"]
[Source "ChessBase"]
[SourceDate "2021.10.06"]
[SourceVersion "1"]
[SourceVersionDate "2021.10.06"]
[SourceQuality "1"]

1. e4 c5 2. Nc3 d6 3. Bc4 Nf6 4. d3 g6 5. Nge2 Bg7 6. 0-0 0-0 7. Bg5 Nc6 8. a3 a6 9. Qd2 b5 10. Ba2 Rb8 11. Rae1 a5 12. f4 b4 13. Nd1 a4 14. f5 b3 15. Bb1 c4 16. cxb3 cxd3 17. Bxd3 axb3 18. Nec3 Ne5 19. Ne3 Qb6 20. Be2 Bb7 21. Kh1 Nxe4 22. Nxe4 Bxe4 23. Bxe7 Bh6 24. Qxd6 Qxd6 25. Bxd6 Bxe3 26. Bxe5 Bxf5 27. Bxb8 Rxb8 28. Bg4 Bd2 29. Re2 Bxg4 30. Rxd2 Rc8 31. h3 Be6 32. Kg1 Kf8 33. Kf2 Ke7 34. Ke3 Rc5 35. a4 Re5+ 36. Kd4 Ra5 37. Ra1 Kd6 38. Kc3+ Kc6 39. Rd3 Rc5+ 40. Kb4 Rc4+ 41. Ka3 Re4 42. Rc1+ Kb6 43. Rd6+ Ka7 44. Rc7+ Kb8 45. Re7 Kc8 46. a5 Re1 47. a6 Ra1+ 48. Kb4 Ra2 49. a7 1-0

[Event "Zhukovsky op"]
[Site "Zhukovsky"]
[Date "2008.??.??"]
[Round "5"]
[White "Konovalov, Valerij"]
[Black "Smirnov, Yury Vladimirovic"]
[Result "1-0"]
[WhiteElo "2321"]
[BlackElo "2284"]
[PlyCount "74"]
[EventDate "2008.08.22"]
[EventType "swiss"]
[EventRounds "9"]
[EventCountry "RUS"]
[SourceTitle "CBM 126 Extra"]
[Source "ChessBase"]
[SourceDate "2008.11.05"]
[SourceVersion "1"]
[SourceVersionDate "2008.11.05"]
[SourceQuality "1"]

1. d4 Nf6 2. Nf3 d5 3. c4 Bg4 4. Ne5 Bf5 5. Nc3 dxc4 6. g3 Nbd7 7. Nxc4 e6 8. Bg2 c6 9. Bf4 Nb6 10. Na5 Qd7 11. 0-0 Bb4 12. Nb3 0-0 13. f3 Nfd5 14. Nxd5 exd5 15. Rc1 Rfe8 16. Nc5 Bxc5 17. dxc5 Nc4 18. e4 Be6 19. b3 Na3 20. Rf2 Nb5 21. Rd2 Red8 22. h4 Nc7 23. Kh2 Ne8 24. h5 Qe7 25. h6 g5 26. Be5 f6 27. Bb2 dxe4 28. fxe4 Rxd2 29. Qxd2 Rd8 30. Qe2 Qd7 31. Rf1 Qd2 32. Qxd2 Rxd2 33. Bxf6 Rxa2 34. Be7 Bf7 35. Kg1 Re2 36. Rf5 Nc7 37. Bf3 Re3 1-0

[Event "RUS-ch U18"]
[Site "Dagomys"]
[Date "2004.04.??"]
[Round "6"]
[White "Konovalov, Valerij"]
[Black "Poniaev, Ruslan"]
[Result "1/2-1/2"]
[WhiteElo "2364"]
[BlackElo "2267"]
[PlyCount "70"]
[EventDate "2004.04.??"]
[EventType "swiss"]
[EventRounds "10"]
[EventCountry "RUS"]
[SourceTitle "EXT 2005"]
[Source "ChessBase"]
[SourceDate "2004.11.15"]
[SourceVersion "1"]
[SourceVersionDate "2004.11.15"]
[SourceQuality "1"]

1. d4 Nf6 2. c4 g6 3. Nc3 Bg7 4. e4 d6 5. Nf3 0-0 6. Be2 e5 7. 0-0 Nbd7 8. Re1 Re8 9. Bf1 a5 10. Rb1 c6 11. d5 Nc5 12. b3 Bd7 13. dxc6 Bxc6 14. Bd3 Ne6 15. Nd5 Nd7 16. Be3 Rf8 17. Qd2 f5 18. exf5 gxf5 19. Ng5 Nec5 20. Bc2 h6 21. Nh3 Qh4 22. f3 Ne6 23. Rbd1 Rf7 24. Qe2 Ndc5 25. Nf2 Re8 26. Nd3 Nxd3 27. Bxd3 Nd4 28. Qf2 Qxf2+ 29. Bxf2 Bxd5 30. Bxd4 Bc6 31. Bb6 e4 32. fxe4 fxe4 33. Be2 Bc3 34. Bh5 Bxe1 35. Rxe1 Re5 1/2-1/2